|
|
|
|
| LEADER |
00000nab a2200000 a 4500 |
| 001 |
vtls010612457 |
| 003 |
SK-MaSNL |
| 005 |
20260303171114.0 |
| 008 |
140801|2014 xo m| 000 02slo |
| 015 |
|
|
|a SNBRB2014/08
|
| 038 |
|
|
|a DSZK
|
| 040 |
|
|
|a DSZK
|b slo
|c DSZK
|e AACR2
|
| 041 |
0 |
|
|a slo
|a hun
|
| 044 |
|
|
|a xo
|c SK
|
| 080 |
|
|
|a 274/278-726.3
|x (437.612)
|2 2001
|
| 080 |
|
|
|a 2-725/-726
|x (437.612)
|2 2001
|
| 080 |
|
|
|a 663.916-051
|x (437.612)
|2 2001
|
| 080 |
|
|
|a 929
|x (437.612)
|2 2001
|
| 110 |
2 |
|
|a Pre Šamorín (občianske združenie)
|4 aut
|9 1194133
|
| 245 |
0 |
0 |
|a Lavičky našich osobností
|c OZ Pre Šamorín
|
| 300 |
|
|
|b Fotogr.
|
| 500 |
|
|
|a Pokračovanie
|
| 546 |
|
|
|a Dvojjazyčné vydanie
|
| 600 |
1 |
7 |
|a Bándy, Juraj,
|d 1907-1995
|2 dszk
|9 1195188
|
| 600 |
1 |
7 |
|a Csukás, Zsigmond,
|d 1918-2004
|2 dszk
|9 1054953
|
| 600 |
1 |
7 |
|a Abazovič, Jusuf,
|d 1922-1987
|2 dszk
|9 1195189
|
| 650 |
0 |
7 |
|a Lavičky našich osobností (projekt)
|2 dszk
|9 1194136
|
| 650 |
0 |
7 |
|a osobnosti
|2 SNKPH
|9 29820
|
| 650 |
0 |
7 |
|a profily
|2 dszk
|9 28648
|
| 651 |
|
7 |
|a Šamorín (Slovensko)
|2 SNKPHgeo
|9 28925
|
| 773 |
0 |
|
|t Šamorín a okolie=Somorja és vidéke
|g Roč. XXIV, č. 7-8 (2014), s. 6
|x 1338-9068
|
| 852 |
|
|
|a DSZK
|b KIS3GCP
|
| 958 |
|
|
|a SK
|
| 958 |
|
|
|a HU
|
| 958 |
|
|
|a BX
|
| 999 |
|
|
|c 2079913
|d 2081843
|